WRC : Tous les pilotes sur Rally 1 - Statistiques

Statistiques générales
  • Ce quiz a été pris 383 fois
    16 depuis la dernière actualisation
  • Le résultat moyen est 19 sur 29
Statistiques - réponses
Nationalité Pilote Marque Voiture Année Dernier Rallye % Correct
France Sébastien Loeb Ford 2022
100%
Royaume-Uni Elfyn Evans Toyota 2026
92%
France Sébastien Ogier Toyota 2026
92%
Japon Takamoto Katsuta Toyota 2026
92%
France Adrien Fourmaux Ford, Hyundai 2026
83%
Luxembourg Grégoire Munster Ford 2026
83%
Nouvelle-Zélande Hayden Paddon Hyundai 2026
83%
Finlande Kalle Rovanpera Toyota 2025
83%
Suède Oliver Solberg Hyundai, Toyota 2026
83%
Finlande Sami Pajari Toyota 2026
83%
Belgique Thierry Neuville Hyundai 2026
83%
Finlande Esapekka Lappi Toyota, Hyundai 2026
75%
Lettonie Martin Sesks Ford 2026
75%
Estonie Ott Tanak Hyundai, Ford 2025
75%
Espagne Dani Sordo Hyundai 2024
67%
Irlande Jon Armstrong Ford 2026
67%
Irlande Josh McErlean Ford 2026
67%
Italie Lorenzo Bertelli Ford, Toyota 2026
58%
Qatar Nasser Al-Attiyah Ford 2025
58%
France Pierre-Louis Loubet Ford 2023
58%
Norvège Andreas Mikkelsen Hyundai 2024
50%
Irlande Craig Breen Ford, Hyundai 2023
50%
Finlande Teemu Suninen Hyundai 2023
50%
Royaume-Uni Gus Greensmith Ford 2022
42%
Grèce Jourdan Serderidis Ford 2025
42%
Finlande Jari Matti Latvala Toyota 2023
33%
Chili Alberto Heller Ford 2023
25%
Finlande Jari Huttunen Ford 2022
17%
Portugal Diogo Salvi Ford 2025
8%
Aucun quiz correspondant
Distribution des résultats
% des personnes avec chaque résultat
Percentile par nombre de réponses
Votre historique - résultats
Vous n’avez pas pris ce quiz depuis la dernière actualisation